The Carleton Drama Bulletin

محفوظ في:

التنسيق: دورية

اللغة: Undetermined

منشور في: JSTOR

الموضوعات:

الوصول للمادة أونلاين: Login to view Source

الوسوم: إضافة وسم

لا توجد وسوم, كن أول من يضع وسما على هذه التسجيلة!

رقم الطلب:

LEADER 00470nas a2200157Ia 4500
008 220214c99999999xx |||||||||||| ||und||
022 |a 2638-9436 
022 |a 2639-9849 
245 0 4 |a The Carleton Drama Bulletin 
264 1 |b JSTOR 
362 0 |a Vol. 1(1949)-6 (1954) 
653 1 0 |a Performing Arts 
856 4 0 |u https://www.jstor.org/journal/carldrambull 
942 |c JL 
952 |0 0  |1 0  |4 0  |7 1  |9 34484  |a JSR  |b JSR  |d 2022-02-14  |l 0  |r 2022-02-14 00:00:00  |w 2022-02-14  |y JL 
999 |c 42817  |d 42817